Dynamics and thermodynamics in hierarchically organized systems : applications in physics, biology, and economics

Αποθηκεύτηκε σε:
Λεπτομέρειες βιβλιογραφικής εγγραφής
Κύριος συγγραφέας: Auger, Pierre
Μορφή: Βιβλίο
Γλώσσα:English
Δημοσίευση: Oxford : New York : Pergamon Press, 1989
Έκδοση:1st ed
Σειρά:IFSR international series on systems science and engineering ; ; 5
Θέματα:
Ετικέτες: Προσθήκη ετικέτας
Δεν υπάρχουν, Καταχωρήστε ετικέτα πρώτοι!

MARC

LEADER 00000cam a2200000 i 4500
001 1/59418
008 941103s1989 eng d
020 |a 0080401805  |c $35.00 (est.) 
035 |l 10046077 
035 |a 1993  |c ΤΣΙΒΑΚΟΥ 
040 |a GR-MY-UA  |b gre  |e aacr 
041 0 |a eng 
082 0 |a 003.7  |2 (20) 
100 1 |a Auger, Pierre. 
245 1 0 |a Dynamics and thermodynamics in hierarchically organized systems :  |b applications in physics, biology, and economics /  |c Pierre Auger 
250 |a 1st ed 
260 |a Oxford :   |a New York :   |b Pergamon Press,   |c 1989 
300 |a xii, 210 p.;  |b ill.;  |c 24 cm 
490 1 |a IFSR international series on systems science and engineering  |v ; 5 
504 |a Includes bibliographical references (p. 203-210) 
650 0 0 |a System theory. 
650 0 0 |a Hierarchies. 
650 0 0 |a Dynamics. 
650 0 0 |a Thermodynamics. 
830 0 |a IFSR international series on systems science and engineering ;  |v ; 5 
852 |a INST  |b SAMOS  |e 19941103  |h 003.7 AUG  |p 005300002615  |q 005300002615  |t BK  |y 0 
909 |a Σ  |b 032853